[Event "4th Boris Kostic mem"]
[Site "Vrsac YUG"]
[Date "1971.09.28"]
[Round "8"]
[White "Mecking, Henrique"]
[Black "Portisch, Lajos"]
[Result "1/2-1/2"]
[WhiteElo "2540"]
[BlackElo "2630"]
[EventDate "1971.09.20"]
[PlyCount "77"]
[Source "Perpetual Check"]

1.e4 c5 2.Nf3 d6 3.Nc3 e5 4.g3 Nc6 5.Bg2 g6 6.d3 Bg7 7.O-O Nge7 8.Be3 O-O 
9.Qd2 Nd4 10.Bh6 f6 11.Bxg7 Kxg7 12.Nxd4 cxd4 13.Ne2 Bg4 14.f3 Be6 15.c3 
Qa5 16.Qe1 dxc3 17.bxc3 Rac8 18.Qd2 Rc7 19.Qb2 d5 20.f4 dxe4 21.Bxe4 Bf5 
22.fxe5 fxe5 23.Bxf5 Nxf5 24.d4 Rcf7 25.dxe5 Qxe5 26.Qd2 Rc8 27.Rf2 Qe3 
28.Rd1 Rcc7 29.Qxe3 Nxe3 30.Rd3 Rfe7 31.Nf4 Ng4 32.Rfd2 Nf6 33.Kg2 Rc6 34.
Rd6 Rxd6 35.Rxd6 Ne4 36.Rd3 Nc5 37.Rd2 Kf7 38.Kf3 Re1 39.Nd3 1/2-1/2

[Event "4th Boris Kostic mem"]
[Site "Vrsac YUG"]
[Date "1971.09.30"]
[Round "9"]
[White "Ivkov, Borislav"]
[Black "Ciocaltea, Victor"]
[Result "1/2-1/2"]
[WhiteElo "2560"]
[BlackElo "2460"]
[EventDate "1971.09.20"]
[PlyCount "74"]
[Source "Perpetual Check"]

1.d4 Nf6 2.c4 g6 3.Nc3 Bg7 4.e4 d6 5.f3 c5 6.dxc5 dxc5 7.Qxd8+ Kxd8 8.Be3 
Nfd7 9.Nge2 Nc6 10.O-O-O b6 11.f4 Ba6 12.b3 e6 13.g3 Ke7 14.Bg2 Rac8 15.e5
Na5 16.Nb5 Bxb5 17.cxb5 f6 18.exf6+ Nxf6 19.Rhe1 Rhd8 20.Rxd8 Rxd8 21.Bd2 
Nd5 22.Bxd5 exd5 23.Bxa5 bxa5 24.Nd4+ Kd6 25.Nc6 Rd7 26.a4 Rc7 27.Re8 c4 
28.bxc4 dxc4 29.Ra8 Kc5 30.Kc2 Bd4 31.Nxa7 Bg1 32.h3 Bh2 33.g4 Bxf4 34.Nc6
Rd7 35.Rc8 Rd2+ 36.Kc3 Rd3+ 37.Kc2 Rd2+ 1/2-1/2

[Event "4th Boris Kostic mem"]
[Site "Vrsac YUG"]
[Date "1971.09.30"]
[Round "9"]
[White "Filip, Miroslav"]
[Black "Deze, Anton"]
[Result "1-0"]
[WhiteElo "2510"]
[BlackElo "2400"]
[EventDate "1971.09.20"]
[PlyCount "121"]
[Source "Perpetual Check"]

1.c4 c5 2.Nf3 g6 3.d4 cxd4 4.Nxd4 Nc6 5.e4 Nf6 6.Nc3 d6 7.Be2 Nxd4 8.Qxd4 
Bg7 9.O-O O-O 10.Qd3 Nd7 11.Bd2 Nc5 12.Qe3 a6 13.Rac1 Ne6 14.b3 Bd7 15.Nd5
Nd4 16.Bc3 Nxe2+ 17.Qxe2 Bxc3 18.Nxc3 Be6 19.f4 Bd7 20.f5 Bc6 21.Kh1 b5 
22.Qe3 bxc4 23.bxc4 Rb8 24.Nd5 Bxd5 25.exd5 Rb7 26.Qh6 Qb6 27.Rf3 Qb2 28.
f6 exf6 29.Rh3 Rfb8 30.Qxh7+ Kf8 31.Qh6+ Ke8 32.Re1+ Re7 33.Rhe3 Rxe3 34.
Qxe3+ Kf8 35.Qe7+ Kg7 36.Qxd6 Qf2 37.Qg3 Qxg3 38.hxg3 Rc8 39.Rc1 f5 40.d6 
Kf6 41.c5 Ke6 42.Re1+ Kd5 43.Kg1 Rd8 44.Rc1 Kc6 45.Kf2 Re8 46.Rc3 a5 47.
Kf3 f6 48.g4 fxg4+ 49.Kxg4 Re4+ 50.Kf3 Re8 51.Kf4 Re5 52.Rd3 Re8 53.g4 Rd8
54.Rc3 Rh8 55.Rc2 Re8 56.Rc4 Re5 57.Rd4 g5+ 58.Kf3 Re8 59.d7 Rd8 60.Ke4 
Kxc5 61.Rd2 1-0

[Event "4th Boris Kostic mem"]
[Site "Vrsac YUG"]
[Date "1971.09.30"]
[Round "9"]
[White "Portisch, Lajos"]
[Black "Ljubojevic, Ljubomir"]
[Result "1-0"]
[WhiteElo "2630"]
[BlackElo "2510"]
[EventDate "1971.09.20"]
[PlyCount "55"]
[Source "Perpetual Check"]

1.d4 b5 2.e4 Bb7 3.f3 a6 4.Be3 e6 5.Nd2 d5 6.Bd3 Nf6 7.e5 Nfd7 8.f4 c5 9.
c3 Nc6 10.Ndf3 Nb6 11.Ne2 Nc4 12.Bc1 cxd4 13.Nexd4 b4 14.b3 N4a5 15.Bd2 
bxc3 16.Bxc3 Nxd4 17.Nxd4 Rc8 18.Qd2 Rxc3 19.Qxc3 Qb6 20.Ke2 Bb4 21.Bb5+ 
Qxb5+ 22.Nxb5 Bxc3 23.Nxc3 d4 24.Na4 O-O 25.Rhd1 Rd8 26.Kf2 f6 27.Nc5 fxe5
28.b4 1-0

[Event "4th Boris Kostic mem"]
[Site "Vrsac YUG"]
[Date "1971.09.30"]
[Round "9"]
[White "Spiridonov, Nikola"]
[Black "Mecking, Henrique"]
[Result "0-1"]
[WhiteElo "2450"]
[BlackElo "2540"]
[EventDate "1971.09.20"]
[PlyCount "72"]
[Source "Perpetual Check"]

1.Nf3 Nf6 2.g3 g6 3.b4 Bg7 4.Bb2 O-O 5.Bg2 c6 6.O-O a5 7.a3 axb4 8.axb4 
Rxa1 9.Bxa1 Qb6 10.c3 d5 11.d3 Nbd7 12.Qa4 e5 13.Nfd2 Re8 14.e4 Bf8 15.Na3
Qc7 16.c4 d4 17.c5 b6 18.cxb6 Nxb6 19.Qa5 Be6 20.Nac4 Nfd7 21.Nxb6 Nxb6 
22.f4 f6 23.f5 Bf7 24.fxg6 hxg6 25.Qa3 Ra8 26.Qc1 Bxb4 27.Nf3 Nd7 28.Bh3 
Nc5 29.Qb1 Qa5 30.Nxd4 exd4 31.Bxd4 Bc3 32.Bxf6 Bxf6 33.Rxf6 Qc3 34.Rf1 
Nb3 35.Qe1 Nd2 36.Bg2 Qa5 0-1

[Event "4th Boris Kostic mem"]
[Site "Vrsac YUG"]
[Date "1971.09.30"]
[Round "9"]
[White "Radulov, Ivan"]
[Black "Planinc, Albin"]
[Result "1/2-1/2"]
[WhiteElo "2485"]
[BlackElo "2510"]
[EventDate "1971.09.20"]
[PlyCount "104"]
[Source "Perpetual Check"]

1.e4 e5 2.Nf3 Nc6 3.Nc3 Nf6 4.d4 exd4 5.Nxd4 Bb4 6.Nxc6 bxc6 7.Bd3 O-O 8.
O-O Re8 9.Qf3 Bd6 10.Bf4 Bxf4 11.Qxf4 d6 12.Rad1 Qe7 13.Rfe1 Rb8 14.b3 Ng4
15.Qg3 Qf6 16.Be2 Ne5 17.f4 Nd7 18.Bc4 Nb6 19.e5 dxe5 20.fxe5 Qg6 21.e6 
Bxe6 22.Qxg6 hxg6 23.Bxe6 Rxe6 24.Rxe6 fxe6 25.Ne4 e5 26.c4 a5 27.Kf2 Kf7 
28.Rd3 a4 29.Rf3+ Ke8 30.Rg3 Kf7 31.Ng5+ Ke8 32.Nf3 axb3 33.axb3 Nd7 34.
Rxg6 Rxb3 35.Rxc6 e4 36.Re6+ Kf8 37.Rxe4 Nf6 38.Re6 Rc3 39.Ne5 Ne4+ 40.Ke2
Nd6 41.c5 Nb5 42.Rg6 Rb3 43.Nd3 Nc3+ 44.Ke1 Ne4 45.Ke2 Nc3+ 46.Kf1 Na4 47.
Nf4 Nxc5 48.Nh5 Nd3 49.Rxg7 Rb1+ 50.Ke2 Nf4+ 51.Kf3 Nxh5 52.Rxc7 Nf6 
1/2-1/2

[Event "4th Boris Kostic mem"]
[Site "Vrsac YUG"]
[Date "1971.10.01"]
[Round "10"]
[White "Mecking, Henrique"]
[Black "Radulov, Ivan"]
[Result "1-0"]
[WhiteElo "2540"]
[BlackElo "2485"]
[EventDate "1971.09.20"]
[PlyCount "93"]
[Source "Perpetual Check"]

1.e4 c5 2.Nf3 Nc6 3.d4 cxd4 4.Nxd4 Nf6 5.Nc3 d6 6.Bg5 Bd7 7.Qd2 Rc8 8.
O-O-O Nxd4 9.Qxd4 Qa5 10.Bd2 a6 11.f3 Qc5 12.Qxc5 Rxc5 13.Be3 Rc7 14.g4 
Be6 15.Bd4 Nd7 16.h4 f6 17.g5 Bf7 18.Nd5 Rc6 19.Bc3 Nb6 20.Nb4 Rc7 21.Bd4 
Nd7 22.Nd5 Rc6 23.f4 e5 24.Be3 Be7 25.Bh3 Nc5 26.gxf6 gxf6 27.Bf5 Bh5 28.
Rdg1 Bf3 29.Nxe7 Kxe7 30.Rg7+ Kf8 31.Rhg1 Bxe4 32.Bxe4 Nxe4 33.Rxb7 Rc8 
34.Rgg7 h5 35.fxe5 dxe5 36.Rbf7+ Ke8 37.b4 Rc3 38.Ra7 Kf8 39.Rgf7+ Kg8 40.
Kb2 Rc8 41.Kc1 Rc6 42.Rfd7 Rc8 43.a3 Kf8 44.Kb2 Rb8 45.Rf7+ Ke8 46.Rae7+ 
Kd8 47.Ba7 1-0

[Event "4th Boris Kostic mem"]
[Site "Vrsac YUG"]
[Date "1971.10.01"]
[Round "10"]
[White "Janosevic, Dragoljub"]
[Black "Portisch, Lajos"]
[Result "1/2-1/2"]
[WhiteElo "2450"]
[BlackElo "2630"]
[EventDate "1971.09.20"]
[PlyCount "109"]
[Source "Perpetual Check"]

1.e4 c5 2.Nf3 d6 3.d4 cxd4 4.Nxd4 Nf6 5.Nc3 a6 6.f4 Qc7 7.Nf3 e5 8.Bd3 b5 
9.O-O Nbd7 10.Qe1 Bb7 11.Bd2 g6 12.Kh1 Bg7 13.fxe5 dxe5 14.b4 O-O 15.a4 
bxa4 16.Rxa4 Rfc8 17.Ra5 h6 18.Na4 Nh5 19.Qf2 Rf8 20.Nc5 Nxc5 21.Qxc5 Qxc5
22.Rxc5 Rac8 23.Bc3 Rxc5 24.bxc5 Nf6 25.Nd2 Nd7 26.Bb4 Rc8 27.Nb3 Nf6 28.
Na5 Bxe4 29.Bxa6 Ra8 30.Bc4 Nd5 31.c3 Nf4 32.Kg1 Bf8 33.c6 Rxa5 34.Bxa5 
Bc5+ 35.Rf2 Bxc6 36.Bc7 Bxg2 37.Bxe5 Nh3+ 38.Kxg2 Nxf2 39.Kf3 Kf8 40.h4 h5
41.Bd6+ Bxd6 42.Kxf2 Be5 43.Kg2 Bxc3 44.Kh3 Be1 45.Bb3 Kg7 46.Bc4 f5 47.
Bb3 Kh6 48.Bd1 Bxh4 49.Kxh4 g5+ 50.Kg3 Kg6 51.Ba4 f4+ 52.Kf3 Kf5 53.Bd7+ 
Ke5 54.Be8 g4+ 55.Kf2 1/2-1/2

[Event "4th Boris Kostic mem"]
[Site "Vrsac YUG"]
[Date "1971.10.01"]
[Round "10"]
[White "Deze, Anton"]
[Black "Bilek, Istvan"]
[Result "1-0"]
[WhiteElo "2400"]
[BlackElo "2490"]
[EventDate "1971.09.20"]
[PlyCount "79"]
[Source "Perpetual Check"]

1.d4 Nf6 2.c4 c5 3.d5 d6 4.Nc3 g6 5.e4 Bg7 6.Be2 O-O 7.Bg5 h6 8.Be3 e6 9.
Qd2 exd5 10.exd5 Kh7 11.h3 b5 12.cxb5 a6 13.bxa6 Nxa6 14.Nf3 Rb8 15.O-O 
Re8 16.Rac1 Qa5 17.b3 Nb4 18.Rfe1 Bf5 19.Bf4 Rbd8 20.Bc4 Be4 21.a4 Bxf3 
22.gxf3 Nh5 23.Rxe8 Rxe8 24.Bxd6 Qd8 25.Bxc5 Qh4 26.Be3 Be5 27.Bf1 Nf4 28.
Ne4 Nbxd5 29.Rc5 Rd8 30.Bxf4 Nxf4 31.Qc2 Bd4 32.Rc7 Kg7 33.a5 Rd5 34.a6 
Rg5+ 35.Nxg5 Qxg5+ 36.Kh1 Qe5 37.a7 Qe1 38.Qc4 Qxf2 39.Qxf7+ Kh8 40.Qh7# 
1-0

[Event "4th Boris Kostic mem"]
[Site "Vrsac YUG"]
[Date "1971.10.01"]
[Round "10"]
[White "Ivkov, Borislav"]
[Black "Filip, Miroslav"]
[Result "1-0"]
[WhiteElo "2560"]
[BlackElo "2510"]
[EventDate "1971.09.20"]
[PlyCount "117"]
[Source "Perpetual Check"]

1.e4 e5 2.Nf3 Nc6 3.Bb5 a6 4.Ba4 Nf6 5.O-O Be7 6.Re1 b5 7.Bb3 d6 8.c3 O-O 
9.h3 Nb8 10.d4 Nbd7 11.Nbd2 Bb7 12.Bc2 Re8 13.a3 Bf8 14.b4 g6 15.Bb2 Bg7 
16.c4 exd4 17.cxb5 axb5 18.Nxd4 c6 19.N4b3 Rc8 20.a4 d5 21.e5 Nh5 22.Nf3 
Qc7 23.Na5 Ba8 24.axb5 cxb5 25.Bd3 Qb8 26.Rc1 Nf4 27.Bf1 Rxc1 28.Qxc1 Ne6 
29.Qa1 d4 30.Nxd4 Nxd4 31.Bxd4 Bxe5 32.Bxe5 Rxe5 33.Rxe5 Nxe5 34.Qc3 Be4 
35.Qd4 Ba8 36.Qc5 Nd7 37.Qxb5 Qxb5 38.Bxb5 Nb6 39.Bc6 Bxc6 40.Nxc6 Kf8 41.
f4 Ke8 42.Kf2 Kd7 43.Ne5+ Ke6 44.Kf3 f6 45.Ng4 Nd5 46.b5 Nb6 47.Ne3 Kd6 
48.Ke4 Kc5 49.f5 Kxb5 50.Ng4 Nd7 51.Nxf6 Nxf6+ 52.Ke5 Nd7+ 53.Kd6 Nf6 54.
Ke6 Nh5 55.f6 Nf4+ 56.Kd7 g5 57.f7 Ng6 58.g4 Kc5 59.Ke8 1-0

[Event "4th Boris Kostic mem"]
[Site "Vrsac YUG"]
[Date "1971.10.02"]
[Round "11"]
[White "Filip, Miroslav"]
[Black "Ciocaltea, Victor"]
[Result "1-0"]
[WhiteElo "2510"]
[BlackElo "2460"]
[EventDate "1971.09.20"]
[PlyCount "39"]
[Source "Perpetual Check"]

1.d4 Nf6 2.c4 g6 3.Nc3 Bg7 4.g3 O-O 5.Bg2 d6 6.Nf3 Nc6 7.O-O Bg4 8.d5 Na5 
9.b3 c5 10.Bb2 Qc8 11.Re1 h6 12.Qd2 b6 13.e4 Bh3 14.e5 dxe5 15.Rxe5 Bxg2 
16.Kxg2 Re8 17.Rae1 Bf8 18.Ne4 Rd8 19.Rxe7 Nh5 20.Re5 1-0

[Event "4th Boris Kostic mem"]
[Site "Vrsac YUG"]
[Date "1971.10.02"]
[Round "11"]
[White "Portisch, Lajos"]
[Black "Deze, Anton"]
[Result "1-0"]
[WhiteElo "2630"]
[BlackElo "2400"]
[EventDate "1971.09.20"]
[PlyCount "41"]
[Source "Perpetual Check"]

1.c4 c5 2.d4 g6 3.Nf3 cxd4 4.Nxd4 Nc6 5.e4 Nf6 6.Nc3 d6 7.Nc2 Bg7 8.Be2 
Nd7 9.Be3 Bxc3+ 10.bxc3 Qa5 11.Qd2 Nc5 12.f3 Qa4 13.O-O Be6 14.Nb4 Rc8 15.
Nd5 Nd7 16.Qb2 b6 17.c5 bxc5 18.Bb5 Qa5 19.Bxc6 Rxc6 20.Qb7 Bxd5 21.exd5 
1-0

[Event "4th Boris Kostic mem"]
[Site "Vrsac YUG"]
[Date "1971.10.03"]
[Round "12"]
[White "Janosevic, Dragoljub"]
[Black "Radulov, Ivan"]
[Result "0-1"]
[WhiteElo "2450"]
[BlackElo "2485"]
[EventDate "1971.09.20"]
[PlyCount "106"]
[Source "Perpetual Check"]

1.e4 e5 2.Nf3 Nf6 3.d4 exd4 4.e5 Ne4 5.Qxd4 d5 6.exd6 Nxd6 7.Nc3 Nc6 8.Qf4
Qd7 9.Bd3 Qg4 10.h3 Qxf4 11.Bxf4 Bd7 12.O-O-O O-O-O 13.Ng5 h6 14.Nge4 Nxe4
15.Bxe4 Bc5 16.f3 Rhe8 17.Rd5 Bd4 18.Nb5 Bb6 19.a4 a6 20.Nc3 Nb4 21.Rdd1 
f5 22.Rxd7 Kxd7 23.Bxf5+ Ke7 24.Bg6 Rf8 25.Be5 Nc6 26.Bg3 Kf6 27.Be4 Nb4 
28.Bxb7 c6 29.Ne4+ Kg6 30.c3 Rf7 31.Nd6 Rxd6 32.Bxd6 Nd3+ 33.Kc2 Rxb7 34.
b4 Rd7 35.Bg3 c5 36.a5 Ba7 37.Rb1 c4 38.b5 axb5 39.Rxb5 Re7 40.Kd1 Rd7 41.
Kc2 Be3 42.Rb8 Nf4 43.Bxf4 Bxf4 44.Rb6+ Rd6 45.Rxd6+ Bxd6 46.a6 Bc5 47.h4 
Kf5 48.g3 Ke5 49.Kd2 Kd5 50.Ke2 Kc6 51.f4 Kb5 52.Kf3 Kxa6 53.Ke4 Kb5 0-1

[Event "4th Boris Kostic mem"]
[Site "Vrsac YUG"]
[Date "1971.10.04"]
[Round "13"]
[White "Portisch, Lajos"]
[Black "Filip, Miroslav"]
[Result "1-0"]
[WhiteElo "2630"]
[BlackElo "2510"]
[EventDate "1971.09.20"]
[PlyCount "119"]
[Source "Perpetual Check"]

1.d4 d5 2.c4 c6 3.Nc3 Nf6 4.cxd5 cxd5 5.Bf4 e6 6.e3 Qb6 7.Rb1 Bd6 8.Bxd6 
Qxd6 9.f4 O-O 10.Bd3 b6 11.Nf3 Ba6 12.O-O Bxd3 13.Qxd3 a6 14.Rbc1 Nbd7 15.
Ne5 b5 16.Rc2 Rfc8 17.Rfc1 Nb6 18.Nd1 Ne4 19.Nf2 Nxf2 20.Kxf2 f6 21.Rxc8+ 
Rxc8 22.Rxc8+ Nxc8 23.Qc3 Nb6 24.Nd3 Kf7 25.b3 Ke7 26.h3 Nd7 27.Kg1 Kd8 
28.Nc5 Nxc5 29.dxc5 Qc6 30.b4 Ke7 31.Qd3 g6 32.Qd4 h5 33.g4 hxg4 34.hxg4 
Kf7 35.g5 e5 36.fxe5 fxg5 37.Qg4 a5 38.a3 axb4 39.axb4 Qa8 40.Qxg5 Qa1+ 
41.Kg2 Qb2+ 42.Kh3 Qb1 43.Qf6+ Kg8 44.c6 Qh1+ 45.Kg4 Qg2+ 46.Kh4 Qh2+ 47.
Kg5 Qh5+ 48.Kf4 Qh2+ 49.Kf3 Qh1+ 50.Kf2 Qh2+ 51.Ke1 Qg1+ 52.Kd2 Qg2+ 53.
Kc3 Qe4 54.Qd8+ Kg7 55.Qe7+ Kg8 56.Qc5 Qxe5+ 57.Kb3 Qe4 58.c7 Qb1+ 59.Kc3 
Qa1+ 60.Kd2 1-0

[Event "4th Boris Kostic mem"]
[Site "Vrsac YUG"]
[Date "1971.10.04"]
[Round "13"]
[White "Radulov, Ivan"]
[Black "Deze, Anton"]
[Result "1-0"]
[WhiteElo "2485"]
[BlackElo "2400"]
[EventDate "1971.09.20"]
[PlyCount "83"]
[Source "Perpetual Check"]

1.e4 c5 2.Nf3 Nc6 3.d4 cxd4 4.Nxd4 g6 5.Nc3 Bg7 6.Be3 Nf6 7.Be2 O-O 8.O-O 
d5 9.exd5 Nb4 10.d6 Qxd6 11.Ncb5 Qb8 12.c4 a6 13.Nc3 e5 14.Nf3 Bf5 15.Bc5 
Rd8 16.Qb3 a5 17.Rad1 Bc2 18.Rxd8+ Qxd8 19.Qa3 Nc6 20.Rc1 Bf5 21.Rd1 Nd7 
22.Be3 e4 23.Nd2 Bxc3 24.Qxc3 Qh4 25.h3 Nde5 26.f4 Nd3 27.Nxe4 Bxe4 28.
Bxd3 Rd8 29.Kh2 Nb4 30.Be2 Rxd1 31.Bxd1 Qd8 32.Be2 Nc6 33.Qd2 Qe7 34.c5 h5
35.Bc4 Qf6 36.Qd7 Bf5 37.Qxb7 Be4 38.Qd7 Kg7 39.Bd2 Nd4 40.Qd6 Qxd6 41.
cxd6 Nc6 42.d7 1-0

[Event "4th Boris Kostic mem"]
[Site "Vrsac YUG"]
[Date "1971.10.04"]
[Round "13"]
[White "Szily, Jozsef"]
[Black "Mecking, Henrique"]
[Result "1/2-1/2"]
[WhiteElo "2390"]
[BlackElo "2540"]
[EventDate "1971.09.20"]
[PlyCount "47"]
[Source "Perpetual Check"]

1.e4 c5 2.Nf3 d6 3.d4 cxd4 4.Nxd4 Nf6 5.Nc3 a6 6.g3 e5 7.Nde2 Be7 8.Bg2 
O-O 9.O-O b5 10.Nd5 Nxd5 11.exd5 Bg4 12.h3 Bh5 13.f4 Bxe2 14.Qxe2 exf4 15.
Bxf4 Bf6 16.c3 Nd7 17.Be3 Be5 18.g4 Nb6 19.Qf2 Nc4 20.Bd4 Bxd4 21.cxd4 Qg5
22.b3 Nb6 23.Rac1 Nxd5 24.Qf5 1/2-1/2

[Event "4th Boris Kostic mem"]
[Site "Vrsac YUG"]
[Date "1971.10.05"]
[Round "14"]
[White "Ciocaltea, Victor"]
[Black "Planinc, Albin"]
[Result "1-0"]
[WhiteElo "2460"]
[BlackElo "2510"]
[EventDate "1971.09.20"]
[PlyCount "89"]
[Source "Perpetual Check"]

1.e4 g6 2.d4 Bg7 3.Nc3 d6 4.Be3 c6 5.Qd2 b5 6.f3 Nd7 7.Nh3 Bb7 8.Nf2 Qc7 
9.Be2 a6 10.O-O e6 11.Rfd1 h6 12.a4 Ne7 13.Bf1 Kf8 14.Ne2 Kg8 15.b3 Kh7 
16.Rab1 Rad8 17.c4 bxa4 18.bxa4 c5 19.d5 exd5 20.cxd5 Rhe8 21.Ng3 h5 22.
Nh3 Bc8 23.Qc2 Kg8 24.Ng5 Nf8 25.Nh1 Nf5 26.Bf2 Nh6 27.h4 Kh8 28.Ng3 f6 
29.Ne6 Nxe6 30.dxe6 Rxe6 31.Ne2 f5 32.Nf4 fxe4 33.Nxe6 Bxe6 34.Qxe4 Qf7 
35.Rb7 Qf6 36.Re1 Re8 37.Qc6 Qf8 38.Bd3 Rc8 39.Qxa6 Bd5 40.Rbe7 Nf7 41.
Bxg6 Ne5 42.Qxd6 Rd8 43.Qxd8 Qxd8 44.Re8+ Qxe8 45.Bxe8 1-0